000 01354nam a2200301 a 4500
999 _c189804
_d189804
003 BLK
005 20241120112117.0
008 180411b bul|||||r ||||||| ||bul||
040 _aBLK
041 _aBUL
_cBUL
080 _aМедицина
_b61
_x:15(075.8)
_z61:15(075.8)
100 1 _aМилев, Васил Петров
_eпърви автор
_9242401
139 _aМилев, Васил Петров и др.
245 1 0 _aМедицинска психология
_bУчебник за студентите от СУ Климент Охридски
_cВасил Милев, Константин Мечков.
257 _aBGR
260 _aСофия
_bСУ Климент Охридски
_c1981
300 _a282 с.
_c20 см
380 _a61
500 _aИзд. на СУ Климент Охридски. Филос. фак. - Офс. изд. - 500 тир. - Библиогр. с. 278-279.
650 4 _aМедицинска психология - учебници за ВУЗ
_9278918
653 _aмедицинска психология
653 _aучебници за ВУЗ
700 1 _aМечков, Константин Илиев
_eсъавт.
_9384749
852 _aЦб 109732
_bЦб
942 _cKNG
_n0
_s1
_01
944 _aCR
_c04.01.2017
_k30530
_lМинев Младен
944 _aED
_c2022-12-12